| 000 | 00410nam a2200145Ia 4500 | ||
|---|---|---|---|
| 008 | 230917s9999||||xx |||||||||||||| ||und|| | ||
| 040 |
_e5012638 _aMAIN |
||
| 041 | _aEnglish | ||
| 082 | _a519.287 R188R | ||
| 100 | _aRathi, Puran | ||
| 245 | 0 | _aReliability characteristics of parallel systems with simultaneous working of cold-standby non-identical units | |
| 260 | _c2023 | ||
| 300 | _a127 p. | ||
| 942 | _cBK | ||
| 999 |
_c10352 _d10352 |
||